The economics of money, Banking, and financial markets. (Record no. 5466)
[ view plain ]
| 000 -LEADER | |
|---|---|
| fixed length control field | 00629nam a2200181 4500 |
| 008 - FIXED-LENGTH DATA ELEMENTS--GENERAL INFORMATION | |
| fixed length control field | 150911b xxu||||| |||| 00| 0 eng d |
| 020 ## - INTERNATIONAL STANDARD BOOK NUMBER | |
| International Standard Book Number | 0673521419 |
| 050 ## - LIBRARY OF CONGRESS CALL NUMBER | |
| Classification number | HG 173 .M632 1992 |
| 100 ## - MAIN ENTRY--PERSONAL NAME | |
| Personal name | Mishkin, Frederic S. |
| Dates associated with a name | 1992. |
| 245 ## - TITLE STATEMENT | |
| Title | The economics of money, Banking, and financial markets. |
| Statement of responsibility, etc. | Frederic S. Mishkin. |
| 250 ## - EDITION STATEMENT | |
| Edition statement | 3rd ed. |
| 260 ## - PUBLICATION, DISTRIBUTION, ETC. (IMPRINT) | |
| Place of publication, distribution, etc. | New York; |
| Name of publisher, distributor, etc. | Harper Collins publishers, |
| Date of publication, distribution, etc. | 1992. |
| 300 ## - PHYSICAL DESCRIPTION | |
| Extent | xxxvii, 739[79] p. : ill. |
| Other physical details | Includes bibliographical references and index. |
| 650 ## - SUBJECT ADDED ENTRY--TOPICAL TERM | |
| Topical term or geographic name as entry element | Finance. |
| 650 ## - SUBJECT ADDED ENTRY--TOPICAL TERM | |
| Topical term or geographic name as entry element | Money. |
| 650 ## - SUBJECT ADDED ENTRY--TOPICAL TERM | |
| Topical term or geographic name as entry element | Banks and banking. |
| 942 ## - ADDED ENTRY ELEMENTS (KOHA) | |
| Source of classification or shelving scheme | |
| Koha item type | Hard Covered Materials |
| Classification part | HG 173 .M632 1992 |
| Withdrawn status | Lost status | Source of classification or shelving scheme | Damaged status | Not for loan | Home library | Current library | Date acquired | Source of acquisition | Total Checkouts | Full call number | Barcode | Date last seen | Date last checked out | Price effective from | Koha item type | Shelving location |
|---|---|---|---|---|---|---|---|---|---|---|---|---|---|---|---|---|
| MACHAKOS UNIVERSITY LIBRARY | MACHAKOS UNIVERSITY LIBRARY | 11/09/2015 | Donation (B.F.A) | 2 | HG 173 .M632 1992 | 11260 | 04/06/2019 | 21/04/2016 | 11/09/2015 | Hard Covered Materials | ||||||
| MACHAKOS UNIVERSITY LIBRARY | MACHAKOS UNIVERSITY LIBRARY | 08/08/2016 | Donation (BFA) | HG 173 .M632 1989 | 23013 | 04/06/2019 | 08/08/2016 | Hard Covered Materials | Open shelf |